00348nam a22001097a 450000500170000000800410001704000130005808200210007124500980009226000360019030000120022620230523105419.0230523b ||||| |||| 00| 0 eng d cPK-LaUMT a346.00264PbCIV- aCivil law cases [CLC, 2022, Vol.XLIV] /cedited by Muhammad Wahaj Azhar and Kashif Mir Zubair aLahore :bPLD Publishers,c2022 a3 vols.